| 000 | 00331nam a2200121Ia 4500 | ||
|---|---|---|---|
| 008 | 210430s9999 xx 000 0 und d | ||
| 082 | _a509.22 R3451 M | ||
| 100 |
_aDr Atta UR Rehman _954409 |
||
| 245 |
_aMeet the Scientist _cDr Atta UR Rehman |
||
| 260 |
_aNUST _bNUST Science Society _c2012 |
||
| 300 | _a14 p | ||
| 942 |
_cREF _2ddc |
||
| 999 |
_c564988 _d564988 |
||